000 00445pab a2200169 454500
008 180718b2007 xxu||||| |||| 00| 0 eng d
100 _aBose, Ashish
245 _aBeyond population projections: growing north-south disparity
260 _c2007
300 _ap.1327-329.
362 _a14 Apr
650 _aIndia - Population
650 _aPopulation projections
773 _aEconomic and Political Weekly
908 _aN
909 _a73725
999 _c73725
_d73725